000 00262nam a22001217a 4500
008 181218b xxu||||| |||| 00| 0 eng d
041 _aeng
080 _a621
100 _a25
101 _aENG
245 _aEngineers Hvac Handbook
_cGlenn.K
942 _2udc
_cBK
999 _c53448
_d53448